Alkalicky aktivované geopolymérne spojivá na báze priemyselných hlinitokremičitanov
Salvato in:
| Autore principale: | |
|---|---|
| Altri autori: | |
| Natura: | Manoscritto Libro |
| Lingua: | slovacco |
| Pubblicazione: |
2025
|
| Soggetti: | |
| Accesso online: | http://is.stuba.sk/zp/portal_zp.pl?podrobnosti=182516 CRZP |
| Tags: |
Nessun Tag, puoi essere il primo ad aggiungerne!!
|
MARC
| LEADER | 00000ntm a22000003a 4500 | ||
|---|---|---|---|
| 001 | stuzp102127 | ||
| 003 | SK-STU | ||
| 005 | 20250801122850.9 | ||
| 007 | ta | ||
| 008 | 150427s2015----xo-----f-mn---000-0-slo-d | ||
| 040 | |a STU |b slo | ||
| 041 | 0 | |a slo | |
| 100 | 1 | |a Urban, Ján |u 010200 |4 aut |U SvF Stavebná fakulta |T SvF Katedra materiálového inžinierstva a fyziky |X 98477 |U V200 |Y 844 |7 98477 | |
| 242 | 0 | 1 | |a Alkali-activated geopolymer binders based on industrial aluminosilicates |y eng |
| 245 | 1 | 0 | |a Alkalicky aktivované geopolymérne spojivá na báze priemyselných hlinitokremičitanov |
| 260 | |c 2025 | ||
| 650 | 4 | |a fly ash |2 eng | |
| 650 | 4 | |a blast furnace slag |2 eng | |
| 650 | 4 | |a alkaline activators |2 eng | |
| 650 | 4 | |a aluminosilicates |2 eng | |
| 650 | 4 | |a geopolymer composites |2 eng | |
| 650 | 4 | |a popolček |2 slo | |
| 650 | 4 | |a vysokopecná troska |2 slo | |
| 650 | 4 | |a alkalické aktivátory |2 slo | |
| 650 | 4 | |a hlinitokremičitany |2 slo | |
| 650 | 4 | |a geopolymérne kompozity |2 slo | |
| 700 | 1 | |a Slaný, Michal |u 010200 |k Z2 |4 ths |U SvF Stavebná fakulta |T SvF Katedra materiálového inžinierstva a fyziky |X 60027 |U V200 |Y 844 |7 60027 | |
| 856 | 4 | |u http://is.stuba.sk/zp/portal_zp.pl?podrobnosti=182516 | |
| 856 | 4 | |u https://opac.crzp.sk/?fn=detailBiblioForm&sid=12BF14ADF430A4F4BEF656B4236B |z CRZP | |